00370pab a2200145 454500008004000000100001700040245005800057260000900115300001300124362000800137650001200145700001800157700001600175773003300191180718b2005 xxu||||| |||| 00| 0 eng d aSavage, Mike aCapitals, assets, and resources: some critical issues c2005 ap.31-47. aMar aCapital aDevine, Fiona aWarde, Alan aBritish Journal of Sociology